Advanced Signal Processing and Digital Noise Reduction /

Enregistré dans:
Détails bibliographiques
Auteur principal: Vaseghi, Saeed V (Auteur)
Format: Livre
Langue:anglais
Publié: Chichester : J.Wiley and Sons Ltd and B.G.Teubner, 1996
Tags: Ajouter un tag
Pas de tags, Soyez le premier à ajouter un tag!

MARC

LEADER 00000nam a22000003a 4500
001 stu16482
005 20190206123750.0
008 970714s1996----uk------------------eng-d
020 |a 0-471-95875-1 
040 |a STU  |b slo 
041 0 |a eng 
044 |a uk 
080 |a 621.391.812 
100 1 |a Vaseghi, Saeed V  |4 aut 
245 1 |a Advanced Signal Processing and Digital Noise Reduction /  |c [aut.]Vaseghi,Saeed V 
260 |a Chichester :  |b J.Wiley and Sons Ltd and B.G.Teubner,  |c 1996 
300 |a 397 s :  |b Index 
996 |b C94888  |c C*94888  |l CCII  |s P  |a 0  |w stu16482_0001